000 00287nam a2200133Ia 4500
100 _a#N/A
650 _aComputers
942 _cBK
654 _aAUTOCAD 14
245 _aMASTERING AUTOCAD 14 FOR MECHANICAL ENGG.
260 _bBPB Publ.
_aNew Delhi
082 _bOMU
546 _aENGLISH
999 _c33110
_d33110